Working with Political Science Research Methods: Problems and Exercises (Record no. 6244)

MARC details
005 - DATE AND TIME OF LATEST TRANSACTION
control field 20250629095829.0
020 ## - INTERNATIONAL STANDARD BOOK NUMBER
International Standard Book Number 978-1-5443-3144-7
082 ## - DEWEY DECIMAL CLASSIFICATION NUMBER
Classification number 320.0721 MYC
100 ## - MAIN ENTRY--PERSONAL NAME
Author name MYCOFF, D . J
245 ## - TITLE STATEMENT
Title Working with Political Science Research Methods: Problems and Exercises
250 ## - EDITION STATEMENT
Edition statement 5th Ed.
260 ## - PUBLICATION, DISTRIBUTION, ETC.
Place of publication, distribution, etc. London
Name of publisher, distributor, etc. SAGE
Date of publication, distribution, etc. 2020.
300 ## - PHYSICAL DESCRIPTION
Extent VI,149P.: ill.;tables
Dimensions 27cm
942 ## - ADDED ENTRY ELEMENTS (KOHA)
Source of classification or shelving scheme Dewey Decimal Classification
Koha item type Books
Holdings
Date last seen Total checkouts Full call number Barcode Cost, replacement price Price effective from Koha item type Lost status Source of classification or shelving scheme Damaged status Not for loan Withdrawn status Home library Current library Shelving location Date acquired Source of acquisition Cost, normal purchase price
06/29/2025   320.0721 MYC MZA0002921 30000.00 06/29/2025 Books   Dewey Decimal Classification       CBE Mwanza CBE Mwanza Special Reserve Collection 06/22/2022 Donation from TLSB 10000.00
06/29/2025   320.0721 MYC MZA0002922 30000.00 06/29/2025 Books   Dewey Decimal Classification       CBE Mwanza CBE Mwanza Special Reserve Collection 06/22/2022 Donation from TLSB 10000.00